Normal view MARC view
  • Butorac, Marc A.

Entry Personal Name

Number of records used in: 1

001 - CONTROL NUMBER

  • control field: 22761

003 - CONTROL NUMBER IDENTIFIER

  • control field: NUST

005 - DATE AND TIME OF LATEST TRANSACTION

  • control field: 20191003143602.0

008 - FIXED-LENGTH DATA ELEMENTS

  • fixed length control field: 191003|| aca||aabn | a|a d

040 ## - CATALOGING SOURCE

  • Original cataloging agency: NUST
  • Transcribing agency: NUST

100 ## - HEADING--PERSONAL NAME

  • Personal name: Butorac, Marc A.
  • Fuller form of name: (Marc Allen),
  • Dates associated with a name: 1970-

670 ## - SOURCE DATA FOUND

  • Source citation: Work cat.: (NUST)0: Butorac, Marc A. (Marc Allen), 1970-, Access management on crossroads in the vicinity of interchanges :, 2004.
© 2023 Central Library, National University of Sciences and Technology. All Rights Reserved.